[Event "Master Open"]
[Site "Voronezh"]
[Date "2018.06.21"]
[Round "9.14"]
[White "Akash Pc, Iyer"]
[Black "Korneev, Oleg"]
[Result "1/2-1/2"]
[WhiteElo "2435"]
[BlackElo "2517"]
[Annotator ""]
[Source ""]
[Remark ""]

1.d4 d5 2.c4 c6 3.Nf3 Nf6 4.g3 Bf5 5.Bg2 e6 6.O-O Be7 7.Nc3 Nbd7
8.Nd2 O-O 9.e4 dxe4 10.Ndxe4 Nxe4 11.Nxe4 Nf6 12.Nc3 Qb6 13.Na4
Qa6 14.Qb3 Be4 15.Bxe4 Nxe4 16.Qc2 Nf6 17.Bg5 Rfd8 18.Rfd1 h6
19.Bf4 b5 20.Nc5 Bxc5 21.cxb5 Qxb5 22.dxc5 Rxd1+ 23.Rxd1 Nd5
24.Bd6 a5 25.Rd4 Re8 26.Be5 f6 27.Qg6 Rf8 28.Bd6 Rf7 29.Qc2 Nb4
30.Qg6 Qe2 31.Qb1 e5 32.Re4 Qd3 33.Qxd3 Nxd3 34.b3 Rb7 35.f4
Rb5 36.fxe5 fxe5 37.Re3 Nc1 38.a4 Rxb3 39.Rxe5 Rb4 40.Re8+ Kf7
41.Rc8 Rxa4 42.Rxc6 Ne2+ 43.Kf2 Nd4 44.Ra6 Ra2+ 45.Kf1 Ra1+ 46.Kg2
Ra2+ 47.Kh3 Ke6 48.Bf8+ Kf7 49.Bd6 Ke6 50.Bf8+ Kf7 51.Bd6 1/2-1/2